书目信息 |
| 题名: |
神话意象
|
|
| 作者: | 叶舒宪 著 | |
| 分册: | ||
| 出版信息: | 西安 陕西师范大学出版总社 2018 |
|
| 页数: | 187页 | |
| 开本: | 24cm | |
| 丛书名: | ||
| 单 册: | ||
| 中图分类: | I106.7 | |
| 科图分类: | ||
| 主题词: | 神话--文学研究--世界 | |
| 电子资源: | ||
| ISBN: | 978-7-5613-9829-6 | |
| 000 | 00945nam0 2200229 450 | |
| 001 | 7249 | |
| 005 | 20180605113430.29 | |
| 010 | @a978-7-5613-9829-6@dCNY58.00 | |
| 100 | @a20180513d2018 em y0chiy50 ea | |
| 101 | 0 | @achi |
| 102 | @aCN@b610000 | |
| 105 | @aa z 000yy | |
| 200 | 1 | @a神话意象@9shen hua yi xiang@f叶舒宪著 |
| 210 | @a西安@c陕西师范大学出版总社@d2018 | |
| 215 | @a187页@c图@d24cm | |
| 300 | @a中国文学人类学原创书系 | |
| 330 | @a本书以“神话意象”为题,综合笔者多年来神话研究的成果,突出了一个世纪以来神话研究乃至文化研究的一个新动向--从书写文本到图像文本,从文字叙事到图像叙事的范式拓展。结合热点文化现象,辨析华夏狼图腾说的误区,充分利用考古材料,进行跨学科、跨文化的神话研究新实践,彰显图像叙事相对于文本叙事的超越性和丰富性,以及二者之间交融与互动的张力。 | |
| 606 | 0 | @a神话@x文学研究@y世界 |
| 690 | @aI106.7@v5 | |
| 701 | 0 | @a叶舒宪@9ye shu xian@4著 |
| 801 | 0 | @aCN@b91MARC@c20180513 |
| 905 | @aMuseLib@dI106.7@e269 | |
| 神话意象/叶舒宪著.-西安:陕西师范大学出版总社,2018 |
| 187页:图;24cm |
| 中国文学人类学原创书系 |
| ISBN 978-7-5613-9829-6:CNY58.00 |
| 本书以“神话意象”为题,综合笔者多年来神话研究的成果,突出了一个世纪以来神话研究乃至文化研究的一个新动向--从书写文本到图像文本,从文字叙事到图像叙事的范式拓展。结合热点文化现象,辨析华夏狼图腾说的误区,充分利用考古材料,进行跨学科、跨文化的神话研究新实践,彰显图像叙事相对于文本叙事的超越性和丰富性,以及二者之间交融与互动的张力。 |
| ● |
| 相关链接 |
|
|
|
|
正题名:神话意象
索取号:I106.7/269
 
预约/预借
| 序号 | 登录号 | 条形码 | 馆藏地/架位号 | 状态 | 备注 |
| 1 | 1117061 | 211170613 | 第一样本阅览室/ [索取号:I106.7/269] | 在馆 | |
| 2 | 1117062 | 211170622 | 教育系资料室/ [索取号:I106.7/269] | 在馆 | |
| 3 | 1117063 | 211170631 | 教育系资料室/ [索取号:I106.7/269] | 在馆 | |
| 4 | 1117064 | 211170640 | 第二借阅区/ [索取号:I106.7/269] | 在馆 |